Media studies
| Main Author: | Downes, Brenda |
|---|---|
| Other Authors: | Miller, Steve |
| Published: |
London:
Teach Yourself Books,
1998.
|
| Subjects: |
| LEADER | 00546cam a2200181 7i4500 | ||
|---|---|---|---|
| 001 | 0000047145 | ||
| 005 | 20180322090000.0 | ||
| 020 | |a 0340683856 | ||
| 020 | |a 9780340683859 (pbk.) | ||
| 090 | 0 | 0 | |a P90 |b .D67 1998 |
| 100 | 1 | |a Downes, Brenda | |
| 245 | 1 | 0 | |a Media studies |c Brenda Downes, Steve Miller. |
| 260 | |a London: |b Teach Yourself Books, |c 1998. | ||
| 300 | |a 163 p.: |b ill.; |c 20 cm. | ||
| 500 | |a Gift: Zainol Ahmad Resource Center | ||
| 650 | 0 | 0 | |a Mass media |
| 700 | 1 | |a Miller, Steve | |
| 999 | |a 0000062381 |b BOK |c OPEN SHELF |e 1st Floor, Bestari Jaya | ||


